Третные ведомости, получаемые из Московского приказа общественного призрения, о делах Московской губернии за сентябрьскую треть ...

Доступно только в Электронных читальных залах Найти на картеНа карте
RUSMARC
00004581nmc2a22002653x 450
001eb232d1f-5bd2-49c7-bf53-2261cfd394c3
00520241015120640.0
100##$a20240327l17941794k l0rusy0189 ca
1010#$arus
102##$aRU
105##$ay###
1222#$ad
2001#$aТретные ведомости, получаемые из Московского приказа общественного призрения, о делах Московской губернии за сентябрьскую треть 1793 года, от 23 февраля 1794 года
$j23 февраля - 4 марта 1794 г.
215##$a3 л.
$d36,5х26 см
251##$cДело
300##$aАлександр Курбатов; в должности
300##$aОриг. заголовок дела: Дело в Главное училищное правительство из Московского приказа общественного призрения, какова по силе высочайше изданного о народных училищах устава §104 ведомость под заглавием "Дел народных и домашних училищ за истекшую прошлого 1793 года сентябрьскую треть в приказе" сочинена и в это Правительство препровождается. 23 февраля 1794 г. - 4 марта 1794 г
371##$aДокумент не является опубликованным и широко распространяемым
461#0$100174716ac7-ef0a-4ce9-889f-df06b5c6e13c
$12001
$aКомиссия об учреждении народных училищ
$1251
$cФонд
$1852
$j730
462#0$1001e6616291-8022-4671-9001-59f853d67170
$12001
$aЖурналы заседаний и определения Комиссии; ведомости приказов общественного призрения о состоянии и бюджете училищ, учителях, успехах учеников
$1251
$cОпись
$1852
$j2
5171#$aДело в Главное училищное правительство из Московского приказа общественного призрения, какова по силе высочайше изданного о народных училищах устава §104 ведомость под заглавием "Дел народных и домашних училищ за истекшую прошлого 1793 года сентябрьскую треть в приказе" сочинена и в это Правительство препровождается. 23 февраля 1794 г. - 4 марта 1794 г
801#0$aRU
$bРГИА
$c20240327
$gRCR
801#1$aRU
$bГлавНИВЦ
$c20240327
$2rusmarc
801#2$aRU
$bПБ им. Б.Н. Ельцина
$c20241015
$gRCR
$2rusmarc
850##$aРГИА
852##$aРГИА
$eФедеральное казенное учреждение "Российский государственный исторический архив" (РГИА)
$j138
937##$hРГИА
$d12413980
$aASBIBLIO_SCAN
035##$aRusGRCC00077205
856##$uhttp://readingroom.main.prlib.ru/item.aspx?id_node=n194293604&mode=full
Формат отображения